00655nam a2200241 a 450000100080000000500110000800800410001910000160006024501150007626000440019130000100023549000500024565000110029565000090030665000100031565000170032565000100034265300090035265300110036165300160037265300160038865300090040410738802007-12-05 1993 bl uuuu u0uu1 u #d1 aFAZOLIN, M. aDescrição dos dados e dinâmica populacional das pragas que ocorrem na cultura do arroz, em Rio Branco (AC). aRio Branco, AC: EMBRAPA/CPAF-Acrec1993 a14 p. a(EMBRAPA-CPAF Acre. Comunicado Técnico, 59). aBrazil arice aArroz aOryza Sativa aPraga aAcre aBrasil aDescrição aDescription aPest